All of Nelson's Battles - Statistics

General Stats
  • This quiz has been taken 11 times
  • The average score is 6 of 16
Answer Stats
Year Battle % Correct
1805 Battle of Trafalgar
100%
1801 Battle of Copenhagen
82%
1798 Battle of the Nile
73%
1797 Battle of Cape St Vincent
55%
1797 Assault on Cádiz
45%
1800 Battle of the Malta Convoy
45%
1798-1800 Siege of Malta
45%
1797 Battle of Santa Cruz de Tenerife
36%
1793 Siege of Toulon
36%
1801 Raid on Boulogne
18%
1780 Battle of Fort San Juan
9%
1795 Battle of Genoa
9%
1783 Battle of Grand Turk
9%
1793 Siege of Calvi
9%
1795 Battle of Hyères Islands
0%
1793 Siege of Bastia
0%
No matching quizzes found
Score Distribution
Percent of People with Each Score
Percentile by Number Answered
Your Score History
You have not taken this quiz